Statistics for Countries Most Similar To India

Click here to take the quiz!

General Stats

  • This quiz has been taken 136 times
  • The average score is 10 of 20

Answer Stats

RankCountryScore% Correct
2Pakistan72.6
99%
1Nepal73.4
97%
4Sri Lanka71.0
95%
3Bangladesh71.8
91%
6Bhutan61.4
84%
14Thailand59.1
83%
7Indonesia61.3
81%
5Myanmar63.3
81%
18Cambodia58.8
64%
15Vietnam58.9
62%
13Philippines59.7
49%
9Mauritius60.3
36%
19Fiji58.7
31%
10Kenya60.1
25%
11Nigeria59.9
21%
8Tanzania60.6
17%
20Ghana58.6
11%
12Uganda59.8
10%
15Zambia58.9
4%
15Zimbabwe58.9
4%

Score Distribution

Percentile by Number Answered

Percent of People with Each Score

Your Score History

You have not taken this quiz